01236nam a22003017a 4500003000900000008004100009020001800050040007100068082002900139245006100168260003100229300002700260505031500287650001300602650002700615650002700642650002900669700003000698700002200728700001800750700002200768700002000790700001900810700001800829700001800847710002800865710004100893AR-CdUCM190427b ||||| |||| 00| 0 spa d a9786124857102 aMUNICIPALIDAD PROVINCIAL DEL CUSCOcBIBLIOTECA MUNICIPAL DEL CUSCO a985.04/G10bG102segunda aLa independencia en el Perú /cGobierno Regional Cusco aCusco :bKopy Graf,c2021. a293 paginas. :c23 cm. aContenido: La independencia en el Perú las palabras y los hechos. -- La crisis de la independencia. -- Interpretación de la independencia de América Latina. -- La participación de las clases populares en los movimientos de independencia de América Latina. -- El impacto de la revolución industrial. aHistoria aRebeliones indígenas aLevantamientos andinos aIndependencia del Perú aParedes Pandoecompilador aMatos Mar, José aMacera, Pablo aBonilla, Heraclio aSpalding, Karen aChaunu, Pierre aVilar, Pierre aHobsbawn, E.J aGobierno Regional Cusco aComisión Regional del Bicentenario